[Event "Ghent Eastman op 41st"]
[Site "Ghent"]
[Date "2018.07.17"]
[Round "7"]
[White "Michiels, Bart"]
[Black "Sarrau, Jelle"]
[Result "1/2-1/2"]
[WhiteElo "2554"]
[BlackElo "2366"]
[PlyCount "151"]
[EventDate "2018.07.14"]
[EventType "swiss"]
[EventRounds "9"]
[EventCountry "BEL"]
[SourceTitle "CBM 185 Extra"]
[Source "ChessBase"]
[SourceDate "2018.07.29"]
[SourceVersion "1"]
[SourceVersionDate "2018.07.29"]
[SourceQuality "1"]

1. c4 Nf6 2. d4 e6 3. Nc3 d5 4. cxd5 exd5 5. Bg5 c6 6. e3 Be7 7. Qc2 Nbd7 8. Bd3 h6 9. Bh4 Nh5 10. Bxe7 Qxe7 11. Nge2 Nb6 12. 0-0 0-0 13. Rae1 Be6 14. Nc1 Rad8 15. Nb3 Rfe8 16. Nc5 Bc8 17. b4 Nc4 18. Qe2 Qg5 19. f4 Qh4 20. Qf2 Qxf2+ 21. Kxf2 Nf6 22. h3 Nd6 23. Kf3 Re7 24. g4 Rde8 25. Nd1 g6 26. Nf2 Kg7 27. Re2 h5 28. Rfe1 hxg4+ 29. hxg4 Rh8 30. Rg1 Rh2 31. Ree1 b6 32. Nb3 Nde4 33. Bxe4 Nxe4 34. Nxe4 dxe4+ 35. Kg3 Rxa2 36. Ra1 Re2 37. Rge1 Rxe1 38. Rxe1 Be6 39. Nd2 f5 40. Ra1 fxg4 41. Ra3 Bd5 42. Kxg4 Kf6 43. Nb1 Be6+ 44. Kg3 Kf5 45. Nc3 Bc4 46. Ra1 Rg7 47. Nd1 g5 48. fxg5 Rxg5+ 49. Kf2 Rg7 50. Nc3 Rh7 51. Kg3 Bd3 52. Ra4 Rg7+ 53. Kf2 Kg4 54. d5 Rf7+ 55. Kg2 cxd5 56. Nxd5 Bf1+ 57. Kg1 Bb5 58. Ra2 Rf1+ 59. Kg2 Rf7 60. Rf2 Rxf2+ 61. Kxf2 a5 62. bxa5 bxa5 63. Nc3 Bd3 64. Ke1 Kf3 65. Kd2 Kf2 66. Kc1 Kxe3 67. Kb2 Kd2 68. Nxe4+ Bxe4 69. Ka1 Bd5 70. Kb2 Be6 71. Ka1 Bf7 72. Kb2 Be6 73. Ka1 Bg8 74. Kb2 Bd5 75. Ka1 Be6 76. Kb2 1/2-1/2

[Event "Ghent Eastman op 41st"]
[Site "Ghent"]
[Date "2018.07.14"]
[Round "1"]
[White "Michiels, Bart"]
[Black "Van de Gevel, Ed"]
[Result "1-0"]
[WhiteElo "2554"]
[BlackElo "1850"]
[PlyCount "53"]
[EventDate "2018.07.14"]
[EventType "swiss"]
[EventRounds "9"]
[EventCountry "BEL"]
[SourceTitle "CBM 185 Extra"]
[Source "ChessBase"]
[SourceDate "2018.07.29"]
[SourceVersion "1"]
[SourceVersionDate "2018.07.29"]
[SourceQuality "1"]

1. c4 f5 2. Nf3 Nf6 3. g3 g6 4. Bg2 Bg7 5. d4 d6 6. Nc3 0-0 7. 0-0 c6 8. Rb1 a5 9. b3 Na6 10. Bb2 Qe8 11. Na4 Ne4 12. Nb6 Ra7 13. Nd2 Nxd2 14. Qxd2 Nc7 15. e4 f4 16. gxf4 Bh6 17. Nxc8 Qxc8 18. d5 Bxf4 19. Qd4 e5 20. Qxa7 Qg4 21. Bc1 Ne8 22. f3 Qh5 23. Bxf4 Rxf4 24. Qxb7 Rh4 25. h3 Qg5 26. dxc6 Qe3+ 27. Rf2 1-0

[Event "BEL-chT 1718"]
[Site "Belgium"]
[Date "2018.04.22"]
[Round "10.3"]
[White "Michiels, Bart"]
[Black "Dambacher, Martijn"]
[Result "1/2-1/2"]
[WhiteElo "2536"]
[BlackElo "2468"]
[PlyCount "46"]
[EventDate "2017.09.24"]
[EventType "team-tourn"]
[EventRounds "11"]
[EventCountry "BEL"]
[SourceTitle "EXT 2019"]
[Source "ChessBase"]
[SourceDate "2018.10.10"]
[SourceVersion "1"]
[SourceVersionDate "2018.10.10"]
[SourceQuality "1"]
[WhiteTeam "KGSRL"]
[BlackTeam "Eynatten"]
[WhiteTeamCountry "BEL"]
[BlackTeamCountry "BEL"]

1. d4 f5 2. g3 Nf6 3. Bg2 e6 4. Nf3 d5 5. c4 c6 6. 0-0 Bd6 7. Nc3 0-0 8. Qc2 Qe7 9. Bg5 h6 10. Bf4 Bxf4 11. gxf4 Bd7 12. Ne5 Be8 13. e3 Nbd7 14. cxd5 cxd5 15. Ne2 Bh5 16. f3 Rfc8 17. Qd2 Nb6 18. b3 Qa3 19. Rfc1 Be8 20. Rxc8 Rxc8 21. Rc1 Bb5 22. Rxc8+ Nxc8 23. Qc1 Qxc1+ 1/2-1/2

[Event "BEL-chT 1718"]
[Site "Belgium"]
[Date "2018.03.11"]
[Round "8.4"]
[White "Michiels, Bart"]
[Black "Istratescu, Andrei"]
[Result "1/2-1/2"]
[WhiteElo "2536"]
[BlackElo "2589"]
[PlyCount "105"]
[EventDate "2017.09.24"]
[EventType "team-tourn"]
[EventRounds "11"]
[EventCountry "BEL"]
[SourceTitle "EXT 2019"]
[Source "ChessBase"]
[SourceDate "2018.10.10"]
[SourceVersion "1"]
[SourceVersionDate "2018.10.10"]
[SourceQuality "1"]
[WhiteTeam "KGSRL"]
[BlackTeam "Wirtzfeld"]
[WhiteTeamCountry "BEL"]
[BlackTeamCountry "BEL"]

1. d4 Nf6 2. c4 e6 3. Nc3 d5 4. cxd5 exd5 5. Bg5 c6 6. e3 h6 7. Bh4 Bf5 8. Qf3 Bh7 9. Bxf6 Qxf6 10. Qxf6 gxf6 11. Rd1 Nd7 12. Bd3 Bxd3 13. Rxd3 Bb4 14. Nf3 Nb6 15. 0-0 Bxc3 16. Rxc3 Kd7 17. Ne1 Nc4 18. Nd3 Rae8 19. Nc5+ Kc7 20. b3 Nd6 21. g3 a5 22. Kg2 h5 23. h4 Rhg8 24. Nd3 Kd7 25. Nf4 Rh8 26. Rc2 Ra8 27. a4 f5 28. Kf3 Ke7 29. Rb1 Ra6 30. Nd3 Rha8 31. Kf4 f6 32. Kf3 Kf7 33. Nf4 Rh8 34. Nd3 Rha8 35. Nf4 Rh8 36. Ra2 Ne4 37. Rbb2 Rb6 38. Nd3 Ra8 39. Nf4 Rh8 40. Nd3 Ra8 41. Ra1 Kg6 42. Ke2 Nd6 43. Kd2 Kh6 44. Kc2 Rba6 45. Nc5 R6a7 46. Rc1 Ne4 47. Kd1 Nxc5 48. Rxc5 Ra6 49. Kd2 R8a7 50. Kc3 Kg6 51. Ra2 Kf7 52. Ra1 Ke6 53. Kb2 1/2-1/2

[Event "BEL-chT 1718"]
[Site "Belgium"]
[Date "2018.02.04"]
[Round "6.2"]
[White "Michiels, Bart"]
[Black "Admiraal, Miguoel"]
[Result "1/2-1/2"]
[WhiteElo "2536"]
[BlackElo "2448"]
[PlyCount "158"]
[EventDate "2017.09.24"]
[EventType "team-tourn"]
[EventRounds "11"]
[EventCountry "BEL"]
[SourceTitle "EXT 2019"]
[Source "ChessBase"]
[SourceDate "2018.10.10"]
[SourceVersion "1"]
[SourceVersionDate "2018.10.10"]
[SourceQuality "1"]
[WhiteTeam "KGSRL"]
[BlackTeam "Wachtebeke"]
[WhiteTeamCountry "BEL"]
[BlackTeamCountry "BEL"]

1. d4 d5 2. c4 e6 3. Nc3 Be7 4. cxd5 exd5 5. Bf4 c6 6. e3 Bf5 7. h3 Nd7 8. Bd3 Bxd3 9. Qxd3 Nf8 10. Nge2 Ne6 11. Bg3 Nf6 12. f3 0-0 13. 0-0 c5 14. dxc5 Bxc5 15. Bh4 Re8 16. Kh1 Bxe3 17. Qxe3 d4 18. Qf2 dxc3 19. Nxc3 Qd4 20. Qxd4 Nxd4 21. Bxf6 gxf6 22. Rf2 Rad8 23. Rd1 Kg7 24. Rfd2 Ne6 25. Rd7 Rb8 26. Ne4 Red8 27. R1d5 Rbc8 28. Nc5 Rxd7 29. Nxe6+ fxe6 30. Rxd7+ Kg6 31. Rxb7 Rc2 32. a3 a5 33. b4 axb4 34. axb4 h5 35. b5 h4 36. Re7 Rb2 37. Rxe6 Rxb5 38. Re4 Rb1+ 39. Kh2 Kh5 40. Rf4 Kg5 41. Rg4+ Kh5 42. Rg8 Rf1 43. Rg7 Kh6 44. Rg4 Kh5 45. f4 f5 46. Rg5+ Kh6 47. Rxf5 Kg6 48. Rf8 Kg7 49. Rf5 Kg6 50. Rg5+ Kh6 51. Rg4 Kh5 52. Rg5+ Kh6 53. g4 hxg3+ 54. Kxg3 Ra1 55. Kg4 Rg1+ 56. Kf5 Ra1 57. h4 Rh1 58. Kg4 Rg1+ 59. Kf5 Rh1 60. Rg6+ Kh7 61. Rg4 Ra1 62. Kg5 Kg7 63. h5 Rb1 64. h6+ Kh7 65. f5 Ra1 66. Re4 Rg1+ 67. Kf6 Ra1 68. Kf7 Kxh6 69. f6 Ra7+ 70. Re7 Ra8 71. Re2 Ra7+ 72. Re7 Ra8 73. Re8 Ra7+ 74. Kg8 Kg6 75. Rf8 Rb7 76. f7 Ra7 77. Rb8 Rxf7 78. Rb6+ Rf6 79. Rxf6+ Kxf6 1/2-1/2

[Event "BEL-chT 1718"]
[Site "Belgium"]
[Date "2017.10.01"]
[Round "2.4"]
[White "Michiels, Bart"]
[Black "Moussard, Jules"]
[Result "1-0"]
[WhiteElo "2536"]
[BlackElo "2571"]
[PlyCount "129"]
[EventDate "2017.09.24"]
[EventType "team-tourn"]
[EventRounds "11"]
[EventCountry "BEL"]
[SourceTitle "EXT 2019"]
[Source "ChessBase"]
[SourceDate "2018.10.10"]
[SourceVersion "1"]
[SourceVersionDate "2018.10.10"]
[SourceQuality "1"]
[WhiteTeam "KGSRL"]
[BlackTeam "Fontaine"]
[WhiteTeamCountry "BEL"]
[BlackTeamCountry "BEL"]

1. d4 Nf6 2. c4 e6 3. Nc3 Bb4 4. Qc2 b6 5. a3 Bxc3+ 6. Qxc3 Bb7 7. f3 d5 8. Bg5 Nbd7 9. cxd5 exd5 10. Qe3+ Kf8 11. Rc1 Rc8 12. Qd2 c5 13. e3 h6 14. Bh4 Qe7 15. Bb5 Bc6 16. Bxc6 Rxc6 17. Ne2 g6 18. 0-0 Kg7 19. Nc3 g5 20. Bf2 Re6 21. dxc5 Nxc5 22. Rcd1 Re5 23. b4 Ncd7 24. Qb2 Kg8 25. e4 dxe4 26. Bd4 Re6 27. Nxe4 Rh7 28. Ng3 Nd5 29. Nf5 Qe8 30. g3 Ne7 31. Ng7 Rxg7 32. Bxg7 f6 33. Qd4 Ne5 34. Bxf6 Nf5 35. Qd8 Nc4 36. Qxe8+ Rxe8 37. Rd8 Rxd8 38. Bxd8 Nxa3 39. Rd1 Nc2 40. Rd7 Nfd4 41. Kf2 Nb5 42. Be7 Ncd4 43. Bd6 Nc6 44. f4 gxf4 45. gxf4 a5 46. bxa5 bxa5 47. f5 a4 48. Bf4 Nbd4 49. f6 Ne6 50. f7+ Kg7 51. Bxh6+ Kxh6 52. Rd6 Kg7 53. Rxe6 Nb4 54. Re7 a3 55. Ra7 a2 56. Kg3 Nd3 57. Rxa2 Kxf7 58. Kg4 Ne5+ 59. Kf5 Nc6 60. h4 Kg7 61. Kg5 Ne5 62. Ra7+ Nf7+ 63. Kf5 Kg8 64. Kf6 Nd6 65. Kg6 1-0

[Event "Ghent Eastman op 40th"]
[Site "Ghent"]
[Date "2017.07.19"]
[Round "9"]
[White "Michiels, Bart"]
[Black "Kovalev, Andrei"]
[Result "1/2-1/2"]
[WhiteElo "2536"]
[BlackElo "2517"]
[PlyCount "88"]
[EventDate "2017.07.15"]
[EventType "swiss"]
[EventRounds "9"]
[EventCountry "BEL"]
[SourceTitle "CBM 179 Extra"]
[Source "ChessBase"]
[SourceDate "2017.08.23"]
[SourceVersion "1"]
[SourceVersionDate "2017.08.23"]
[SourceQuality "1"]

1. d4 Nf6 2. c4 g6 3. Nf3 Bg7 4. g3 0-0 5. Bg2 d6 6. Nc3 Nc6 7. 0-0 e5 8. dxe5 dxe5 9. Bg5 Be6 10. Qa4 Qe8 11. Nd2 h6 12. Bxf6 Bxf6 13. Nd5 Bd8 14. Ne4 f5 15. Nc5 Bc8 16. Rad1 Nd4 17. Qxe8 Rxe8 18. Nc3 c6 19. e3 Ne6 20. Nd7 Bxd7 21. Rxd7 Nc5 22. Rd6 Be7 23. Rd2 a5 24. e4 Rad8 25. Rfd1 Rxd2 26. Rxd2 Kg7 27. Kf1 Kf6 28. b3 Rd8 29. Rxd8 Bxd8 30. exf5 gxf5 31. h3 Bb6 32. Na4 Nd7 33. Nxb6 Nxb6 34. Ke2 Nd7 35. a3 e4 36. g4 a4 37. bxa4 Nb6 38. gxf5 Kxf5 39. Ke3 Ke5 40. Bxe4 Nxc4+ 41. Kd3 Nb2+ 42. Ke3 Nc4+ 43. Kd3 Nb2+ 44. Ke3 Nc4+ 1/2-1/2

[Event "Ghent Eastman op 40th"]
[Site "Ghent"]
[Date "2017.07.18"]
[Round "7"]
[White "Michiels, Bart"]
[Black "Sarrau, Jelle"]
[Result "1-0"]
[WhiteElo "2536"]
[BlackElo "2363"]
[PlyCount "89"]
[EventDate "2017.07.15"]
[EventType "swiss"]
[EventRounds "9"]
[EventCountry "BEL"]
[SourceTitle "CBM 179 Extra"]
[Source "ChessBase"]
[SourceDate "2017.08.23"]
[SourceVersion "1"]
[SourceVersionDate "2017.08.23"]
[SourceQuality "1"]

1. c4 Nf6 2. Nc3 c5 3. g3 e6 4. Nf3 b6 5. Bg2 Bb7 6. 0-0 Be7 7. d4 cxd4 8. Qxd4 0-0 9. Rd1 d6 10. Bg5 h6 11. Bxf6 Bxf6 12. Qf4 Na6 13. Rxd6 Qe7 14. Rad1 e5 15. Qe3 Nc5 16. b4 e4 17. Nh4 Bg5 18. Nf5 Qxd6 19. Nxd6 Bxe3 20. fxe3 Bc6 21. bxc5 bxc5 22. Ndxe4 Bxe4 23. Bxe4 Rad8 24. Bd5 Rfe8 25. e4 Kf8 26. Rb1 Rb8 27. Rb5 Rxb5 28. cxb5 Ke7 29. Kf2 Kd6 30. Ke3 f5 31. Bc6 Rf8 32. exf5 Rxf5 33. Ne4+ Kc7 34. g4 Re5 35. Kd3 a6 36. a4 axb5 37. axb5 h5 38. h3 hxg4 39. hxg4 g6 40. Kc4 Kb6 41. Nc3 Kc7 42. Bf3 g5 43. Na4 Kd6 44. b6 Re8 45. b7 1-0

[Event "Ghent Eastman op 40th"]
[Site "Ghent"]
[Date "2017.07.17"]
[Round "6"]
[White "Goormachtigh, Johan"]
[Black "Michiels, Bart"]
[Result "0-1"]
[WhiteElo "2156"]
[BlackElo "2536"]
[PlyCount "46"]
[EventDate "2017.07.15"]
[EventType "swiss"]
[EventRounds "9"]
[EventCountry "BEL"]
[SourceTitle "CBM 179 Extra"]
[Source "ChessBase"]
[SourceDate "2017.08.23"]
[SourceVersion "1"]
[SourceVersionDate "2017.08.23"]
[SourceQuality "1"]

1. d4 d5 2. c4 e6 3. Nc3 Be7 4. Nf3 Nf6 5. Bf4 0-0 6. e3 b6 7. cxd5 Nxd5 8. Nxd5 Qxd5 9. Bd3 Qa5+ 10. Ke2 c5 11. Qe1 Qa4 12. Qd1 Qe8 13. Qc2 h6 14. dxc5 Na6 15. a3 Nxc5 16. Bh7+ Kh8 17. b4 Ba6+ 18. Ke1 f5 19. bxc5 Rc8 20. Ne5 Kxh7 21. c6 Bb5 22. Qb2 Bxc6 23. Nxc6 Qxc6 0-1

[Event "Ghent Eastman op 40th"]
[Site "Ghent"]
[Date "2017.07.17"]
[Round "5"]
[White "Michiels, Bart"]
[Black "Hamblok, Roel"]
[Result "1/2-1/2"]
[WhiteElo "2536"]
[BlackElo "2305"]
[PlyCount "80"]
[EventDate "2017.07.15"]
[EventType "swiss"]
[EventRounds "9"]
[EventCountry "BEL"]
[SourceTitle "CBM 179 Extra"]
[Source "ChessBase"]
[SourceDate "2017.08.23"]
[SourceVersion "1"]
[SourceVersionDate "2017.08.23"]
[SourceQuality "1"]

1. d4 d5 2. c4 e6 3. Nc3 Be7 4. cxd5 exd5 5. Bf4 c6 6. e3 Bd6 7. Bxd6 Qxd6 8. Bd3 Ne7 9. Qc2 g6 10. Qb3 0-0 11. Nf3 Nd7 12. 0-0 Nf6 13. Rfe1 Rb8 14. Qa4 a6 15. Qa5 Bf5 16. Bf1 h5 17. Qc5 Qxc5 18. dxc5 Ne4 19. Nxe4 Bxe4 20. Nd4 g5 21. Rac1 Bg6 22. Rc3 Nf5 23. Rb3 Nxd4 24. exd4 Rbe8 25. Ree3 Rxe3 26. fxe3 Re8 27. Rxb7 Rxe3 28. Bxa6 Re1+ 29. Kf2 Rd1 30. Ke3 Rh1 31. a4 f5 32. Kf2 Ra1 33. Rb4 f4 34. g3 Be4 35. gxf4 gxf4 36. h4 Rh1 37. a5 Rh2+ 38. Kg1 Rh1+ 39. Kf2 Rh2+ 40. Kg1 Rh1+ 1/2-1/2